000 01664cam a22004574i 4500
003 PE-LiUPU
005 20250731172925.0
008 170508s1991 xxu r 0n0 0 eng d
020 _a9780060611811
_q(alk. paper)
020 _a0060609362
_q(pbk.)
035 _a(Sirsi) a203932
040 _aPE-LiUPU
_bspa
_cPE-LiUPU
_erda
049 _aPRUA
082 0 4 _a285.1
_bB88
_220
100 1 _aBuechner, Frederick,
_d1926-.,
_eautor.
245 1 0 _aTelling secrets /
_cFrederick Buechner.
264 1 _a[San Francisco] :
_bHarperSanFrancisco,
_c1991.
300 _a106 páginas ;
_c25 centimetros.
336 _atext
_2rdacontent
337 _aunmediated
_2rdamedia
338 _avolume
_2rdacarrier
505 0 _aThe dwarves in the stable -- The white tower -- The basement room.
526 _aSEG42
526 _aSEG41
526 _aSEG40
526 _aSEG39
526 _aP94
526 _aP87
526 _aP86
526 _aP85
526 _aP77
526 _aP76
526 _aP35
650 0 0 _aIglesia Presbiteriana
_zEstados Unidos
_xClergy
_vBiografía.
910 _ajck
_bjvq
_cjck
_d20170508.
942 _2ddc
_cBOOK
949 _a285.1 B88
_wDEWEY
_c1
_i75855
_lCATALOGING
_mBUL
_p12.00
_r0
_sY
_tBOOK
_u2017-05-03
_xTEOLOGIA
_zPOSGRADO TEOLOGÍA
_0COMPRA
_o.CIRCNOTE. El documento es de alto precio.
_o.STAFF. Colección Teología
596 _a1
999 _a285.1 B88
_wLC
_c20312
_i75855
_d20312
_e2018-5-30
_f2021-11-11
_g5
_lCCODEBUL1
_mBUL
_n2
_p12.00
_r0
_sY
_tBOOK
_u2017-5-8
_xTEOLOGIA
_PP85
_0DONACION
_o.STAFF. Colección Teología
980 _81
_gALBERTO SANCHEZ Responsable de Automatización